header

Beany and the meany / (Record no. 266214)

MARC details
000 -LEADER
fixed length control field 01876cam a2200457 a 4500
001 - CONTROL NUMBER
control field 13591393
003 - CONTROL NUMBER IDENTIFIER
control field OSt
005 - DATE AND TIME OF LATEST TRANSACTION
control field 20260421075215.0
008 - FIXED-LENGTH DATA ELEMENTS--GENERAL INFORMATION
fixed length control field 040513s2005 maua b 000 1 eng
010 ## - LIBRARY OF CONGRESS CONTROL NUMBER
LC control number 2004051829
020 ## - INTERNATIONAL STANDARD BOOK NUMBER
International Standard Book Number 0763626309
International Standard Book Number 9780763626303
035 ## - SYSTEM CONTROL NUMBER
System control number 13591393
040 ## - CATALOGING SOURCE
Original cataloging agency DLC
Transcribing agency DLC
Modifying agency DLC
042 ## - AUTHENTICATION CODE
Authentication code lcac
050 00 - LIBRARY OF CONGRESS CALL NUMBER
Classification number PZ7.W8183
Item number Bde 2005
082 00 - DEWEY DECIMAL CLASSIFICATION NUMBER
Classification number [Fic]
Edition number 22
100 1# - MAIN ENTRY--PERSONAL NAME
Personal name Wojciechowski, Susan.
245 10 - TITLE STATEMENT
Title Beany and the meany /
Statement of responsibility, etc Susan Wojciechowski ; illustrated by Susanna Natti.
250 ## - EDITION STATEMENT
Edition statement 1st ed.
260 ## - PUBLICATION, DISTRIBUTION, ETC. (IMPRINT)
Place of publication, distribution, etc Cambridge, Mass. :
Name of publisher, distributor, etc Candlewick Press,
Date of publication, distribution, etc 2005.
300 ## - PHYSICAL DESCRIPTION
Extent 102 p. :
Other physical details ill. ;
Dimensions 22 cm.
336 ## - CONTENT TYPE
Content type term text
Content type code txt
Source rdacontent
337 ## - MEDIA TYPE
Media type term unmediated
Media type code n
Source rdamedia
338 ## - CARRIER TYPE
Carrier type term volume
Carrier type code nc
Source rdacarrier
520 ## - SUMMARY, ETC.
Summary, etc When Beany's best friend Carol Ann pairs with the new girl at school to create a science project, Beany must work with Kevin the bully.
650 #1 - SUBJECT ADDED ENTRY--TOPICAL TERM
Topical term or geographic name as entry element Interpersonal relations
Form subdivision Fiction.
Topical term or geographic name as entry element Science projects
Form subdivision Fiction.
Topical term or geographic name as entry element Best friends
Form subdivision Fiction.
Topical term or geographic name as entry element Friendship
Form subdivision Fiction.
Topical term or geographic name as entry element Bullies and bullying
Form subdivision Fiction.
655 #7 - INDEX TERM--GENRE/FORM
Genre/form data or focus term Fiction.
Source of term lcgft
Authority record control number https://id.loc.gov/authorities/genreForms/gf2014026339
700 1# - ADDED ENTRY--PERSONAL NAME
Personal name Natti, Susanna,
Relator term ill.
856 42 - ELECTRONIC LOCATION AND ACCESS
Materials specified Contributor biographical information
Uniform Resource Identifier <a href="http://www.loc.gov/catdir/enhancements/fy0664/2004051829-b.html">http://www.loc.gov/catdir/enhancements/fy0664/2004051829-b.html</a>
Materials specified Publisher description
Uniform Resource Identifier <a href="http://www.loc.gov/catdir/enhancements/fy0664/2004051829-d.html">http://www.loc.gov/catdir/enhancements/fy0664/2004051829-d.html</a>
Materials specified Sample text
Uniform Resource Identifier <a href="http://www.loc.gov/catdir/enhancements/fy0664/2004051829-s.html">http://www.loc.gov/catdir/enhancements/fy0664/2004051829-s.html</a>
906 ## - LOCAL DATA ELEMENT F, LDF (RLIN)
a 7
b cbc
c orignew
d 1
e ocip
f 20
g y-gencatlg
942 ## - ADDED ENTRY ELEMENTS (KOHA)
Source of classification or shelving scheme Library of Congress Classification
Koha item type Long Loan Books
Holdings
Withdrawn status Lost status Source of classification or shelving scheme Damaged status Not for loan Home library Current library Date acquired Total Checkouts Full call number Barcode Date last seen Price effective from Koha item type
    Library of Congress Classification     Rongo University Library Rongo University Library 21/04/2026   PZ7.W8183 Bde 2005 CL20250239 21/04/2026 21/04/2026 Long Loan Books

© 2026 Rongo University
Contact us: librarian | system librarian | Rongo university